| 000 | 00924nas a2200301 4500 | ||
|---|---|---|---|
| 001 | BR0104753 | ||
| 003 | BR-BrBNA | ||
| 005 | 20231205102439.0 | ||
| 007 | ta | ||
| 008 | 230509b bl.|||p| |||| 00| 00por d | ||
| 040 |
_aBR-BrBNA _bpor _cBiblioteca Nacional de Agricultura |
||
| 041 | _a(Pt) | ||
| 072 | _aL02; Q54 | ||
| 100 | 1 | _aLana, R. de P. | |
| 100 | 1 | _aFox, D.G. | |
| 245 | 1 | _aInteracoes entre monensina sodica, oleo de soja e fontes de nitrogenio no desempenho de novilhos aberdeen Angus em confinamento | |
| 650 | _aGado Polled-Angus | ||
| 650 | _aNitrogenio | ||
| 650 | _aAnti-Helmintico | ||
| 650 | _aSoja | ||
| 650 | _aOleo | ||
| 650 | _aDieta | ||
| 650 | _aPerformance | ||
| 650 | _aComposicao Quimica | ||
| 773 | 0 |
_tRevista Brasileira de Zootecnia (Brazil) _xISSN 1516-3598 _g(Jan-Feb 2001), v. 30(1) p. 247-253 _wBR0104753 |
|
| 909 |
_a202311 _bLúcia _c55 _dLúcia Elande |
||
| 942 |
_2AGRIS _n0 _cANA |
||
| 999 |
_c167630 _d167630 |
||